000 00479nam a2200169Ia 4500
008 190430s9999 xx 000 0 und d
100 _aColina IV, Antonio L.
245 _aEnvironment group hails passage of ordinance to protect shrine hills/
245 _cAntonio L. Colina IV
260 _bManila Bulletin
260 _c2018
300 _aSeptember 20
440 _aManila Bulletin
650 _aEcology
650 _aGeography
650 _aShrine Hills -- Davao City
999 _c361772
_d361772